<?xml version="1.0" encoding="UTF-8"?><?xml-stylesheet type="text/xsl" href="static/style.xsl"?><OAI-PMH xmlns="http://www.openarchives.org/OAI/2.0/" xmlns:xsi="http://www.w3.org/2001/XMLSchema-instance" xsi:schemaLocation="http://www.openarchives.org/OAI/2.0/ http://www.openarchives.org/OAI/2.0/OAI-PMH.xsd"><responseDate>2026-04-17T08:00:54Z</responseDate><request verb="GetRecord" identifier="oai:www.recercat.cat:2072/415661" metadataPrefix="marc">https://recercat.cat/oai/request</request><GetRecord><record><header><identifier>oai:recercat.cat:2072/415661</identifier><datestamp>2025-04-27T02:10:57Z</datestamp><setSpec>com_2072_98</setSpec><setSpec>col_2072_378192</setSpec></header><metadata><record xmlns="http://www.loc.gov/MARC21/slim" xmlns:dcterms="http://purl.org/dc/terms/" xmlns:xsi="http://www.w3.org/2001/XMLSchema-instance" xmlns:doc="http://www.lyncode.com/xoai" xsi:schemaLocation="http://www.loc.gov/MARC21/slim http://www.loc.gov/standards/marcxml/schema/MARC21slim.xsd">
   <leader>00925njm 22002777a 4500</leader>
   <datafield ind2=" " ind1=" " tag="042">
      <subfield code="a">dc</subfield>
   </datafield>
   <datafield ind2=" " ind1=" " tag="720">
      <subfield code="a">Villalobos Carrasco, Cecilia Francisca</subfield>
      <subfield code="e">author</subfield>
   </datafield>
   <datafield ind2=" " ind1=" " tag="720">
      <subfield code="a">Álvarez Valdivia, Ibis Marlene</subfield>
      <subfield code="e">author</subfield>
   </datafield>
   <datafield ind2=" " ind1=" " tag="720">
      <subfield code="a">Vaquera, Elizabeth</subfield>
      <subfield code="e">author</subfield>
   </datafield>
   <datafield ind2=" " ind1=" " tag="260">
      <subfield code="c">2017</subfield>
   </datafield>
   <datafield ind2=" " ind1=" " tag="520">
      <subfield code="a">En los últimos años, la llegada masiva de población extranjera en edad escolar a Cataluña ha incrementado la diversidad cultural en las aulas. En este contexto, los amigos son un soporte importante que contribuye a una mejor integración. El objetivo de este estudio fue identificar y comparar los valores que definen la calidad, el conflicto y sus formas de resolución en amistades co-étnicas e inter-étnicas de adolescentes en Institutos de Educación Secundaria Obligatoria, con presencia significativa de estudiantes de origen extranjero. Para ello se realizó una entrevista semiestructurada. Participaron 90 estudiantes correspondientes a 45 diadas; 20 diadas de amigos co-étnicos y 25 de amigos inter-étnicos. Los resultados evidencian que para diadas co-étnicas los valores más importantes son la confianza y la compañía y para diadas inter-étnicas la confianza y la ayuda. Los amigos de ambos tipos de diadas refieren que los conflictos ocurren por desacuerdos generando sentimientos de enfado o tristeza. Adicionalmente, las diadas inter-étnicas destacan que la falta de lealtad es un motivo que pone en peligro la amistad. Ambos tipos de diadas utilizan estrategias similares en la resolución de sus diferencias, primero intentan hablar de lo sucedido para llegar a un acuerdo y esto en general les trae sensaciones de alivio, se sienten reconfortados por mantener su relación intacta y poder continuar disfrutando de la compañía de su amigo, aumentando la tranquilidad y el bienestar personal. Estos resultados dejan al descubierto que es necesario promover espacios para la integración que permitan generar relaciones de amistad diádica en contextos educativos de diversidad cultural</subfield>
   </datafield>
   <datafield ind2=" " ind1=" " tag="520">
      <subfield code="a">In recent years, the mass arrival of foreign population of school age in Catalonia has increased cultural diversity in the classroom. In this context, friends are an important support that contributes to better integration. The aim of this study was to describe and compare inter-ethnic and co-ethnic friendship relations in terms of their friendship quality, conflict, and problem solving strategies. The sample is drawn from secondary school students in schools with significant presence of immigrants. Ninety students in 45 friendship dyads participated in a semi-structured interview. In total, the sample includes 20 dyads of co-ethnic friendships and 25 dyads of inter-ethnic friendships. Results show that for co-ethnic dyads the most important friendship values are trust and companionship. Among inter-ethnic friendships it is trust and support. In co-ethnic dyads conflict occurs due to disagreements that result in anger or sadness. Inter-ethnic dyads are similar in their reports of conflict, but they also emphasize lack of loyalty as a reason of conflict. Both types of dyads use similar strategies for conflict resolution: to talk about what happened, which brings them a sense of relief and comfort, which in turn increases ease and wellbeing. These results unveil the need to promote spaces for integration that can generate dyadic friendship relations in educational contexts of cultural diversity</subfield>
   </datafield>
   <datafield tag="653" ind2=" " ind1=" ">
      <subfield code="a">Amistad</subfield>
   </datafield>
   <datafield tag="653" ind2=" " ind1=" ">
      <subfield code="a">Adolescentes</subfield>
   </datafield>
   <datafield tag="653" ind2=" " ind1=" ">
      <subfield code="a">Relaciones entre iguales</subfield>
   </datafield>
   <datafield tag="653" ind2=" " ind1=" ">
      <subfield code="a">Comunicación intercultural</subfield>
   </datafield>
   <datafield tag="653" ind2=" " ind1=" ">
      <subfield code="a">Conflicto</subfield>
   </datafield>
   <datafield tag="653" ind2=" " ind1=" ">
      <subfield code="a">Educación secundaria</subfield>
   </datafield>
   <datafield tag="653" ind2=" " ind1=" ">
      <subfield code="a">Inmigrantes</subfield>
   </datafield>
   <datafield tag="653" ind2=" " ind1=" ">
      <subfield code="a">Friendship</subfield>
   </datafield>
   <datafield tag="653" ind2=" " ind1=" ">
      <subfield code="a">Adolescents</subfield>
   </datafield>
   <datafield tag="653" ind2=" " ind1=" ">
      <subfield code="a">Peer relationship</subfield>
   </datafield>
   <datafield tag="653" ind2=" " ind1=" ">
      <subfield code="a">Intercultural communication</subfield>
   </datafield>
   <datafield tag="653" ind2=" " ind1=" ">
      <subfield code="a">Conflict</subfield>
   </datafield>
   <datafield tag="653" ind2=" " ind1=" ">
      <subfield code="a">Secondary education</subfield>
   </datafield>
   <datafield tag="653" ind2=" " ind1=" ">
      <subfield code="a">Immigrants</subfield>
   </datafield>
   <datafield ind2="0" ind1="0" tag="245">
      <subfield code="a">Amistades co-étnicas e inter-étnicas en la adolescencia : diferencias en calidad, conflicto y resolución de problemas</subfield>
   </datafield>
</record></metadata></record></GetRecord></OAI-PMH>